000 00719nam a2200193 i 4500
001 102615
003 ES-MaACL
005 20230906183138.0
007 t|
008 051123s1970 pr ||||1| spa d
080 _a821.134.2(729.5).09
100 1 _aRosa-Nieves, Cesáreo.
_999617
245 1 0 _aEnsayos escogidos
_b: (apuntaciones de crítica literaria sobre algunos temas puertorriqueños) /
_cCesáreo Rosa-Nieves.
260 _aPuerto Rico :
_bAcademia de Artes y Ciencias de Puerto Rico,
_c[1970]
300 _a176 p. ;
_c21 cm.
650 1 4 _aLiteratura puertorriqueña-
_xHistoria y crítica.
_914653
710 2 _aAcademia de Artes y Ciencias de Puerto Rico.
_91160
852 _aES-MaACL
_jE-11093
_bR.136811
999 _c102615
_d102615